• 首页
  • 本馆介绍
  • 公告通知
  • 最新文献
  • 馆藏检索
  • 电子资源
  • 读者导购
  • 参考咨询
  • 我的图书馆
  • 登录
  • 详细信息显示
  • 放入我的书架
  • 预约/预借图书
  • 作者相关作品
  • 分类相关作品
  • 丛书相关作品
  • 出版社相关作品

书目信息

  • 表格格式
  • 工作单格式
  • 卡片格式
题名:
全息记录材料及其应用
    
 
作者: 杨永源 , 于美文 , 张存林 著
分册:  
出版信息: 北京   高等教育出版社  1997
页数: 295页
开本: 26cm
丛书名:
单 册:
中图分类: TM271:TP333.4
科图分类:
主题词: 铁氧体 , 磁性材料
电子资源:
ISBN: 7-04-005549-X
000 00693nam0 2200217 450
001 0735592734
005 20070906095312.73
010    @a7-04-005549-X@d¥25.80
100    @a20070906d km y0chiy0120 ea
101 0  @achi
200 1  @a全息记录材料及其应用@Aquan xi ji lu cai liao ji qi ying yong@f于美文,张存林,杨永源著@Fyu mei wen,zhang cun lin,yang yong yuan zhu
210    @a北京@c高等教育出版社@d1997
215    @a295页@d26cm
606 0  @a铁氧体
606 0  @a磁性材料
690    @aTM271:TP333.4@v3
701  0 @a杨永源@Ayang yong yuan@4著
701  0 @a于美文@Ayu mei wen@4著
701  0 @a张存林@Azhang cun lin@4著
801  0 @aCN@bPFT@c20070906
905    @a213230@dTM271:TP333.4@eP19@f1
    
    全息记录材料及其应用/于美文,张存林,杨永源著.-北京:高等教育出版社,1997
    295页;26cm
    
    
    ISBN 7-04-005549-X:¥25.80
    
●
相关链接 在E读中查询图书 在五车中查询图书 在当当中查询图书 在豆瓣中查询图书


正题名:全息记录材料及其应用     索取号:TM271:TP333.4/P19         预约/预借

序号 登录号 条形码 馆藏地/架位号 状态 备注
1 7200085   272000853   物理系资料室/ [索取号:TM271:TP333.4/P19] 在馆    
唐山师范学院图书馆 欢迎您!
大连网信软件有限公司© 版权所有